AGADA TANTRA (Record no. 11509)
[ view plain ]
| 000 -LEADER | |
|---|---|
| fixed length control field | 00289nam a22001337a 4500 |
| 003 - CONTROL NUMBER IDENTIFIER | |
| control field | SGT |
| 082 ## - DEWEY DECIMAL CLASSIFICATION NUMBER | |
| Classification number | 615.538 |
| Item number | A17A |
| 100 ## - MAIN ENTRY--PERSONAL NAME | |
| Personal name | ACHAL, AYODHYA PRASHD |
| 245 ## - TITLE STATEMENT | |
| Title | AGADA TANTRA |
| 260 ## - PUBLICATION, DISTRIBUTION, ETC. (IMPRINT) | |
| Place of publication, distribution, etc | VARANSI |
| Name of publisher, distributor, etc | CHAUKHAMBHA PUB |
| Year of Publication | 2017 |
| 300 ## - PAGE DESCRIPTION | |
| No. of Pages | 223 |
| 650 ## - SUBJECT ADDED ENTRY--TOPICAL TERM | |
| Topical term or geographic name as entry element | AYURVEDA |
| 942 ## - ADDED ENTRY ELEMENTS (KOHA) | |
| Source of classification or shelving scheme | Dewey Decimal Classification |
| Koha item type | Books |
| 942 ## - ADDED ENTRY ELEMENTS (KOHA) | |
| -- | 197 |
| Withdrawn status | Lost status | Source of classification or shelving scheme | Damaged status | Not for loan | Collection code | Home library | Current library | Shelving location | Date acquired | Vendor Name | Cost, normal purchase price | SGTU | Bill Number | Total Checkouts | Total Renewals | Full call number | Accession No. (Barcode) | Date last seen | Date last borrowed | Bill Date | Koha item type |
|---|---|---|---|---|---|---|---|---|---|---|---|---|---|---|---|---|---|---|---|---|---|
| Dewey Decimal Classification | AYURVEDA | SGT FA-FP Library | SGT FA-FP Library | Text Book | 15/04/2017 | CHAUKHAMBHA PUB | 295.00 | SGTU | 55/17-18 | 84 | 3 | 615.538 A17A | FA6491 | 22/05/2026 | 21/05/2026 | 06/04/2017 | Books | ||||
| Dewey Decimal Classification | AYURVEDA | SGT FA-FP Library | SGT FA-FP Library | Text Book | 15/04/2017 | CHAUKHAMBHA PUB | 295.00 | SGTU | 55/17-18 | 50 | 1 | 615.538 A17A | FA6492 | 23/06/2025 | 09/06/2025 | 06/04/2017 | Books | ||||
| Dewey Decimal Classification | AYURVEDA | SGT FA-FP Library | SGT FA-FP Library | Text Book | 15/04/2017 | CHAUKHAMBHA PUB | 295.00 | SGTU | 55/17-18 | 80 | 1 | 615.538 A17A | FA6493 | 04/07/2025 | 19/06/2025 | 06/04/2017 | Books | ||||
| Dewey Decimal Classification | AYURVEDA | SGT FA-FP Library | SGT FA-FP Library | Text Book | 15/04/2017 | CHAUKHAMBHA PUB | 295.00 | SGTU | 55/17-18 | 75 | 2 | 615.538 A17A | FA6494 | 02/06/2025 | 21/05/2025 | 06/04/2017 | Books | ||||
| Dewey Decimal Classification | AYURVEDA | SGT FA-FP Library | SGT FA-FP Library | Text Book | 15/04/2017 | CHAUKHAMBHA PUB | 295.00 | SGTU | 55/17-18 | 65 | 615.538 A17A | FA6495 | 23/01/2026 | 23/01/2026 | 06/04/2017 | Books |